| 000 | 00613nam a2200229Ia 4500 | ||
|---|---|---|---|
| 003 | GCL | ||
| 005 | 20240530095617.0 | ||
| 008 | 140319s9999 xx 000 0 eng d | ||
| 020 | _a2721480144 | ||
| 040 |
_aGCL / _cGCL |
||
| 082 | 0 | 4 |
_a189.1 _bB A |
| 100 | 1 | _aBOUYGES, MAURICE | |
| 245 | 1 | 0 |
_aAVERROES : _bTAFSIR MA BAD AT-TABIAT / _cBOUYGES, MAURICE |
| 260 |
_aبيروت : _bدار المشرق ، _c1990 |
||
| 300 | _a24 CM | ||
| 650 | 0 | 4 | _aISLAMIC PHILOSOPHY |
| 650 | 0 | 4 | _aIBN RUSHED |
| 650 | 0 | 4 | _aPHILOSOPHERS |
| 650 | 0 | 4 | _aPHILOSOPHERS - MUSLIM |
| 650 | 0 | 4 | _aISLAMIC PHILOSOPHERS |
| 942 |
_2ddc _cBK |
||
| 999 |
_c8795 _d8795 |
||